[Event "Ceske Budejovice op-B"]
[Site "Ceske Budejovice"]
[Date "2023.07.03"]
[Round "3"]
[White "Kirchner, Michal"]
[Black "Sosovickova, Martina"]
[Result "0-1"]
[WhiteElo "1606"]
[BlackElo "1730"]
[PlyCount "54"]
[EventDate "2023.07.01"]
[EventType "swiss"]
[EventRounds "9"]
[EventCountry "CZE"]
[SourceTitle "EXT 2024"]
[Source "ChessBase"]
[SourceDate "2023.10.10"]
[SourceVersion "1"]
[SourceVersionDate "2023.10.10"]
[SourceQuality "1"]

1. d4 d5 2. Nf3 Nf6 3. Bf4 c5 4. e3 Nc6 5. Bb5 Qa5+ 6. Nc3 Ne4 7. Bxc6+ bxc6 8. 0-0 Nxc3 9. bxc3 Qxc3 10. dxc5 Qxc5 11. Qd2 Bf5 12. Nd4 Bg6 13. Rfc1 e6 14. Rab1 Bd6 15. Bxd6 Qxd6 16. Rb7 0-0 17. Qa5 e5 18. Nb3 a6 19. Nc5 Rfb8 20. g3 h6 21. f3 Rxb7 22. Nxb7 Qe7 23. Nc5 Qg5 24. Kf2 d4 25. f4 dxe3+ 26. Kxe3 exf4+ 27. gxf4 Re8+ 0-1

[Event "Skalica op-A"]
[Site "Skalica"]
[Date "2022.08.28"]
[Round "9"]
[White "Rakovsky, Jakub"]
[Black "Sosovickova, Martina"]
[Result "1-0"]
[WhiteElo "1966"]
[BlackElo "1865"]
[PlyCount "99"]
[EventDate "2022.08.20"]
[EventType "swiss"]
[EventRounds "9"]
[EventCountry "SVK"]
[SourceTitle "CBM 209 Extra"]
[Source "ChessBase"]
[SourceDate "2022.09.30"]
[SourceVersion "1"]
[SourceVersionDate "2022.09.30"]
[SourceQuality "1"]

1. e4 e5 2. Nf3 Nc6 3. Bc4 Bc5 4. c3 Nf6 5. d3 a6 6. 0-0 d6 7. Bb3 h6 8. Nbd2 0-0 9. h3 Re8 10. Re1 Ba7 11. Nf1 Be6 12. Be3 d5 13. Bxa7 Rxa7 14. Qe2 dxe4 15. dxe4 Qe7 16. Qe3 Bxb3 17. axb3 Nh5 18. b4 Raa8 19. Ng3 Nf4 20. Nf5 Qf6 21. Kh2 Ne7 22. Nxe7+ Qxe7 23. g3 Ng6 24. h4 h5 25. Qg5 Qxg5 26. hxg5 Nf8 27. Ra5 Rad8 28. Kg2 Nd7 29. Rd1 c6 30. Nxe5 Nxe5 31. Rxe5 Kf8 32. Rxe8+ Rxe8 33. Rd7 Rb8 34. e5 g6 35. Kf3 b6 36. Ke4 a5 37. e6 fxe6 38. Ke5 axb4 39. cxb4 c5 40. Kf6 cxb4 41. Rf7+ Kg8 42. Kxg6 Rd8 43. Re7 Kf8 44. Rxe6 Rd2 45. Rxb6 Rxb2 46. Kh7 Rd2 47. Rb8+ Ke7 48. g6 Kf6 49. g7 Rd7 50. Rb6+ 1-0

[Event "Skalica op-A"]
[Site "Skalica"]
[Date "2022.08.21"]
[Round "2"]
[White "Sosovickova, Martina"]
[Black "Valkova, Angelika"]
[Result "0-1"]
[WhiteElo "1865"]
[BlackElo "2075"]
[PlyCount "86"]
[EventDate "2022.08.20"]
[EventType "swiss"]
[EventRounds "9"]
[EventCountry "SVK"]
[SourceTitle "CBM 209 Extra"]
[Source "ChessBase"]
[SourceDate "2022.09.30"]
[SourceVersion "1"]
[SourceVersionDate "2022.09.30"]
[SourceQuality "1"]

1. e4 c6 2. d4 d5 3. e5 Bf5 4. h4 h5 5. c4 e6 6. Nc3 dxc4 7. Bxc4 Nd7 8. Nf3 b5 9. Bd3 Bxd3 10. Qxd3 Nh6 11. g3 Nf5 12. Bf4 Nb6 13. Rd1 Nc4 14. Qc2 Bb4 15. a3 Bxc3+ 16. Qxc3 Qd5 17. 0-0 Nxb2 18. Qxb2 Qxf3 19. Bg5 0-0 20. Rc1 Rac8 21. Rfe1 Qg4 22. Red1 f6 23. exf6 gxf6 24. Bf4 Nxh4 25. Qc3 Rf7 26. Qe3 Rg7 27. Kh2 Rg6 28. Rd3 e5 29. dxe5 fxe5 30. Bxe5 Re8 31. Rd4 Nf3+ 32. Kg2 Nxd4 33. Qxd4 Qxd4 34. Bxd4 a6 35. Rc5 h4 36. Rh5 Re4 37. Rh8+ Kf7 38. Bc5 Rc4 39. Bb4 c5 40. Bd2 hxg3 41. Be3 Rc2 42. Kf1 g2+ 43. Kg1 Re2 0-1

[Event "Piestany Slovakia op-B"]
[Site "Piestany"]
[Date "2022.07.15"]
[Round "6"]
[White "Mandak, Miroslav"]
[Black "Sosovickova, Martina"]
[Result "1-0"]
[WhiteElo "1877"]
[BlackElo "1816"]
[PlyCount "107"]
[EventDate "2022.07.11"]
[EventType "swiss"]
[EventRounds "9"]
[EventCountry "SVK"]
[SourceTitle "CBM 209 Extra"]
[Source "ChessBase"]
[SourceDate "2022.09.30"]
[SourceVersion "1"]
[SourceVersionDate "2022.09.30"]
[SourceQuality "1"]

1. e4 e5 2. Nf3 Nc6 3. d4 exd4 4. Nxd4 Nf6 5. Nxc6 bxc6 6. Bd3 Be7 7. 0-0 0-0 8. Nc3 d5 9. e5 Ng4 10. Bf4 f6 11. exf6 Bxf6 12. Bg3 Rb8 13. Rb1 Be5 14. Bxe5 Nxe5 15. Bxh7+ Kxh7 16. Qh5+ Kg8 17. Qxe5 Rf5 18. Qe2 Qh4 19. g3 Rg5 20. f4 Rg4 21. Nd1 Ba6 22. Qe6+ Kf8 23. Ne3 Rxg3+ 24. hxg3 Qxg3+ 25. Ng2 Bxf1 26. Rxf1 Rxb2 27. Qxc6 d4 28. Re1 Rb8 29. Qxc7 Ra8 30. Qb7 Re8 31. Rxe8+ Kxe8 32. Qa8+ Kf7 33. Qxa7+ Kg8 34. Qa8+ Kf7 35. Qd5+ Kf8 36. Qxd4 Qa3 37. Qd8+ Kf7 38. Qc7+ Kg8 39. Qc4+ Kf8 40. Qc8+ Ke7 41. Qb7+ Kf8 42. Qb8+ Ke7 43. Qb3 Qc1+ 44. Kh2 Kf8 45. a4 Qd1 46. Qb4+ Kf7 47. Qc5 Qd7 48. a5 Qe6 49. c4 Qh6+ 50. Kg1 Qa6 51. Qb5 Qa7+ 52. Kh2 Qe7 53. a6 Qe2 54. a7 1-0

[Event "Piestany Slovakia op-B"]
[Site "Piestany"]
[Date "2022.07.12"]
[Round "2"]
[White "Sosovickova, Martina"]
[Black "Zahorcek, Jakub"]
[Result "1-0"]
[WhiteElo "1816"]
[BlackElo "1681"]
[PlyCount "67"]
[EventDate "2022.07.11"]
[EventType "swiss"]
[EventRounds "9"]
[EventCountry "SVK"]
[SourceTitle "CBM 209 Extra"]
[Source "ChessBase"]
[SourceDate "2022.09.30"]
[SourceVersion "1"]
[SourceVersionDate "2022.09.30"]
[SourceQuality "1"]

1. e4 c6 2. d4 d5 3. e5 Bf5 4. h4 h6 5. g4 Bg6 6. e6 Qd6 7. Qe2 Qxe6 8. Qxe6 fxe6 9. c3 Nd7 10. Bf4 Ngf6 11. Bh3 Ne4 12. Nd2 c5 13. Nxe4 Bxe4 14. f3 Bg6 15. Rc1 Rc8 16. Ne2 cxd4 17. cxd4 Rxc1+ 18. Nxc1 h5 19. Kd2 hxg4 20. Bxg4 Bf5 21. Nd3 Nf6 22. Ne5 Nd7 23. Nxd7 Kxd7 24. Be5 Rh7 25. Rc1 Bxg4 26. fxg4 Rxh4 27. Rc7+ Ke8 28. Rxb7 Rxg4 29. Rxa7 g5 30. b4 Rg2+ 31. Kc3 g4 32. b5 g3 33. b6 Rg1 34. b7 1-0